Cities with 100+ Skyscrapers - Statistics

General Stats
  • This quiz has been taken 11 times
  • The average score is 17 of 20
Answer Stats
Skyscrapers Country City % Correct
137 United States Chicago
100%
269 United Arab Emirates Dubai
100%
324 United States New York City
100%
208 Japan Tokyo
100%
133 Thailand Bangkok
90%
210 China Guangzhou
90%
569 China Hong Kong
90%
124 Indonesia Jakarta
90%
243 Malaysia Kuala Lumpur
90%
131 Philippines Manila
90%
113 India Mumbai
90%
469 China Shenzhen
90%
101 Singapore Singapore
90%
209 China Wuhan
90%
136 China Chengdu
80%
205 China Shanghai
80%
122 Canada Toronto
80%
155 China Chongqing
70%
100 China Hangzhou
70%
101 China Shenyang
50%
No matching quizzes found
Score Distribution
Percent of People with Each Score
Percentile by Number Answered
Your Score History
You have not taken this quiz